000 01027nam a2200313Ia 4500
003 OSt
005 20221007123131.0
006 a|||||r|||| 00| 0
007 ta
008 221006b |||||||| |||| 00| 0 eng d
020 _a9781107102132 (hbk)
024 _a199643
037 _b5506, 14/03/2019, Ashutosh Technical Books
_cTextual
040 _aPAPL
_cPAPL
_beng
041 _2eng
_aeng
082 _aB9, Q8 Carpa
100 _aRamos Andres Asenio Ed.
_9716593
245 0 _aBayesian astrophysics
_b Arregui Inigo Ed.
260 _aCambridge
_bCUP
_c2018
300 _axiii, 194p. ill.
_ccm.
490 _aCanary islands winter school of astrophysics
650 _a Bayesian models
_9716594
650 _a Cosmology
650 _a Mathematical models
_9716595
650 _aPhysics
700 _a Arregui Inigo Ed.
_9716596
942 _hB9, Q8 Carpa
_cTEXL
_2CC
999 _c1211419
_d1211419